000 00475nam a2200157Ia 4500
008 100122s9999 xx 000 0 und d
082 _b72556
_a824
100 _aखरे सुरेश
245 _aसांगण्यासारखं
250 _a1
260 _bप्राजक्त प्रकाशन
_c2007
300 _a164
630 _aसांगण्यासारखं
730 _aसांगण्यासारखं
942 _cBOOK
999 _c388621
_d388618